Ga Document 68 : Frank O. Gehry : 13 Projects after Bilbao /
El arquitecto norteamericano Frank Gehry, es autor del Museo Vitra (1987-1989) en Weil-am-Rheim, Alemania, de la Casa Schnabel (1986-1989) en Brentwood, California, del Museo y Teatro Aerospace (1982-1984) en Los Angeles, California y del mundialmente conocido Museo Gugenheim de Bilbao, España (1991...
Gardado en:
| Outros autores: | , , |
|---|---|
| Formato: | Libro |
| Idioma: | inglés |
| Publicado: |
Tokio, Japón :
A.D.A. Edita,
2002, c2002
|
| Temas: | |
| Etiquetas: |
Sen Etiquetas, Sexa o primeiro en etiquetar este rexistro!
|
MARC
| LEADER | 00000nam^a2200000^a^4500 | ||
|---|---|---|---|
| 001 | 000153948 | ||
| 005 | 20250521000000.0 | ||
| 009 | 20260310100336.835 | ||
| 020 | |a 4-87140-168-5 | ||
| 037 | |a Acervo ITESO - Biblioteca | ||
| 041 | |a ING | ||
| 082 | |a 720. 5 |b DOC V. 68 | ||
| 240 | 1 | 1 | |a [Ga Document] |
| 240 | 1 | 1 | |a [Global Architecture Document] |
| 245 | 0 | 0 | |a Ga Document 68 : |b Frank O. Gehry : 13 Projects after Bilbao / |c F.O. Gehry ; ed. de Y. Futagawa ; texto de Y. Futagawa. |
| 264 | 4 | |a Tokio, Japón : |b A.D.A. Edita, |c 2002, c2002 | |
| 300 | |a 103 p. | ||
| 336 | |a texto |b txt |2 rdacontenido | ||
| 337 | |a sin mediación |b n |2 rdamedio | ||
| 338 | |a volumen |b nc |2 rdasoporte | ||
| 520 | |a El arquitecto norteamericano Frank Gehry, es autor del Museo Vitra (1987-1989) en Weil-am-Rheim, Alemania, de la Casa Schnabel (1986-1989) en Brentwood, California, del Museo y Teatro Aerospace (1982-1984) en Los Angeles, California y del mundialmente conocido Museo Gugenheim de Bilbao, España (1991-1997), por citar algunas de sus obras más famosas. El presente texto aborda, precisamente, los trabajos posteriores al Museo Guggenheim de Bilbao, que incluye construcciones de géneros muy diversos, como museos, centros culturales y hoteles. | ||
| 546 | |a Edición bilingüe inglés-japonés | ||
| 649 | |a XX | ||
| 650 | |a Arquitectura - |x Publicaciones Periódicas Japonesas | ||
| 650 | |a Arquitectos Norteamericanos | ||
| 650 | |a Artistas Norteamericanos | ||
| 650 | |a Museos y Galerías | ||
| 650 | |a Centros Culturales | ||
| 650 | |a Hoteles | ||
| 650 | |a Arquitectura (Tendencias Recientes) - |x Historia y Crítica | ||
| 650 | |a Arquitectura - |y Siglo XX | ||
| 650 | |a Arquitectura - |x Historia y Crítica | ||
| 650 | |a Arte (Tendencias Recientes) - |x Historia y Crítica | ||
| 650 | |a Arte - |y Siglo XX | ||
| 650 | |a Arte - |x Historia y Crítica | ||
| 650 | |a Gehry, Frank O. - |x Tema Principal | ||
| 700 | |a Gehry, Frank O. |e (autor) | ||
| 700 | |a Futagawa, Yoshio |e (edición) | ||
| 700 | |a Futagawa, Yukio |e (texto) | ||
| 910 | |a Fondo General | ||
| 920 | |a Impresos - Libros | ||
| 930 | |a Reserva Especial | ||
| 905 | |a 103 | ||
| 901 | |a 0500085720 |b IT1 |c REE |u 20250521 | ||
| 902 | |a https://opac.biblio.iteso.mx/vufind/Record/000153948 | ||